Digital signal processing : A practical approach /

Salvato in:
Dettagli Bibliografici
Autori principali: Ifeachor, Emmanuel C (Autore), Jervis, Barrie W (Autore)
Natura: Libro
Lingua:inglese
Pubblicazione: Wokingham : Addison-Wesley Publishing Company, 1993
Edizione:1.vyd.
Soggetti:
Tags: Aggiungi Tag
Nessun Tag, puoi essere il primo ad aggiungerne!!

MARC

LEADER 00000nam a22000003a 4500
001 stu8721
005 20150617225807.6
008 960403s1993----uk------------------eng-d
020 |a 0-201-54413-X 
040 |a STU  |b slo 
041 0 |a eng 
044 |a uk 
080 |a 621.391.8.037.37 
080 |a 681.327.8 
084 |a B1265F  |2 INS 
084 |a B2570  |2 INS 
084 |a B6140  |2 INS 
084 |a C1260  |2 INS  |7 stu_us_auth*stu7143 
100 1 |a Ifeachor, Emmanuel C  |4 aut 
245 1 |a Digital signal processing :  |b A practical approach /  |c [aut.] Ifeachor,Emmanuel C.; Jervis,Barrie W 
250 |a 1.vyd. 
260 |a Wokingham :  |b Addison-Wesley Publishing Company,  |c 1993 
300 |a 760 s 
650 7 |a digitálne signály  |2 stusub 
650 7 |a spracovanie signálov  |2 stusub 
650 7 |a číslicové spracovanie signálov  |2 stusub 
700 1 |a Jervis, Barrie W  |4 aut 
996 |b E80492  |c E*80492  |l EE08  |s P  |a 0  |w stu8721_0002